ウルトラシリーズの作品 - Statistics

General Stats
  • This quiz has been taken 14 times
    13 since last reset
  • The average score is 20 of 30
Answer Stats
放送順 元号 タイトル 備考 % Correct
2 ウルトラマン
100%
3 ウルトラセブン
100%
4 帰ってきたウルトラマン
100%
6 ウルトラマンタロウ
100%
12 ウルトラマンティガ
100%
13 ウルトラマンダイナ
100%
5 ウルトラマンA
100%
9 ウルトラマン80
100%
7 ウルトラマンレオ
91%
14 ウルトラマンガイア
91%
1 昭和 ウルトラQ
91%
8 ザ☆ウルトラマン アニメ
82%
15 ウルトラマンコスモス
82%
18 ウルトラマンメビウス
82%
11 ウルトラマンパワード
64%
16 ウルトラマンネクサス
64%
22 ウルトラマンオーブ
55%
1920 ウルトラマンギンガウルトラマンギンガS
55%
23 ウルトラマンジード
45%
28 ウルトラマンデッカー
45%
10 平成 ウルトラマンG 海外オリジナルビデオ
45%
24 ウルトラマンR/B
45%
21 ウルトラマンX
45%
26 ウルトラマンZ
45%
17 ウルトラマンマックス
36%
25 令和 ウルトラマンタイガ
36%
31 ウルトラマンオメガ
27%
30 ウルトラマンアーク
18%
27 ウルトラマントリガー NEW GENERATION TIGA
18%
29 ウルトラマンブレーザー
9%
No matching quizzes found
Score Distribution
Percent of People with Each Score
Percentile by Number Answered
Your Score History
You have not taken this quiz since the last reset